000 01208nam a2200361 i 4500
001 vtls000869408
003 PNM
005 20200519104237.0
008 190123t20192019my e a000 0 may
015 _aM191-03849
020 _a9789674127992
_qpaperback
_cRM 35.00
039 9 _a202005181521
_brosliza
_c201912310852
_dfatin_e
_c201912310847
_dfatin_e
_c201912131517
_dlimia
040 _aBNM
_beng
_cBNM
_erda
_dPPAK
049 _amal
082 0 4 _a371.89
_223
090 0 0 _a371.89
_bNOO
100 0 _aNoor Habibah Kaderan,
_eauthor.
245 1 0 _aPengurusan Kokurikulum di Sekolah /
_cNoor Habibah Kaderan, Mohd. Izham Mohd. Hamzah
264 1 _aBangi, Selangor :
_bPenerbit UKM,
_c2019
264 4 _c©2019
300 _a237 pages ;
_c23 cm
336 _atext
_2rdacontent
337 _aunmediated
_2rdamedia
338 _avolume
_2rdacarrier
500 _aIncludes index.
504 _aBibliography: pages 229-231
650 1 0 _aStudent activities
_xManagement.
650 2 0 _aActivity programs in education.
650 2 0 _aCurriculum planning
_zMalaysia.
650 2 0 _aGovernment publications
_zMalaysia.
700 0 _aMohd. Izham Mohd. Hamzah,
_cProf. Madya, Dr.,
_eauthor.
942 _2ddc
_cB
999 _c177236
_d177236